Do Taxes Affect Number of Foreign Enterprises Controlled Abroad by Slovak Companies in the Age of Globalization?
Skúmanie či majú sadzby dane z príjmu právnických osôb vplyv na zakladanie spoločností ovládaných zahraničnými slovenskými spoločnosťami v zahraničí. Skúmanie či cezhraničné obchodovanie (ktoré predstavuje globalizáciu) môže mať vplyv na rozhodovanie týchto spoločností. Dve skupiny krajín: jedna s n...
Gespeichert in:
| 1. Verfasser: | |
|---|---|
| Format: | Buchkapitel |
| Sprache: | Englisch |
| Schlagworte: | |
| Tags: |
Keine Tags, Fügen Sie das erste Tag hinzu!
|
MARC
| LEADER | 00000naa$a2200000$$$4500 | ||
|---|---|---|---|
| 001 | 0272010 | ||
| 005 | 20240502074305.0 | ||
| 041 | 0 | |a eng | |
| 044 | |a SK | ||
| 245 | 1 | 0 | |a Do Taxes Affect Number of Foreign Enterprises Controlled Abroad by Slovak Companies in the Age of Globalization? |c Soňa Kleštincová |
| 520 | |a Skúmanie či majú sadzby dane z príjmu právnických osôb vplyv na zakladanie spoločností ovládaných zahraničnými slovenskými spoločnosťami v zahraničí. Skúmanie či cezhraničné obchodovanie (ktoré predstavuje globalizáciu) môže mať vplyv na rozhodovanie týchto spoločností. Dve skupiny krajín: jedna s nižšími a druhá s vyššími priemernými sadzbami dane z príjmov právnických osôb v porovnaní s priemernými sadzbami na Slovensku. | ||
| 610 | 2 | 0 | |a podnik zahraničný |
| 610 | 2 | 0 | |a globalizácia |
| 610 | 2 | 0 | |a sadzby daňové |
| 610 | 2 | 0 | |a obchod medzinárodný |
| 610 | 2 | 0 | |a analýza regresná |
| 100 | 1 | |a Kleštincová, Soňa, 1995- | |